[Event "TCh-POL Ekstraliga 2025"]
[Site "Chotowa POL"]
[Date "2025.06.02"]
[Round "1.3"]
[White "Kazakouski, Valery"]
[Black "Baum, Jonasz"]
[Result "1-0"]
[WhiteTitle "GM"]
[BlackTitle "IM"]
[WhiteElo "2585"]
[BlackElo "2479"]
[WhiteTeam "KSz Hetman Plock"]
[BlackTeam "KSz Silesia Raciborz"]
[WhiteFideId "13507443"]
[BlackFideId "1195360"]
[EventDate "2025.06.02"]

1. Nf3 d5 2. c4 e6 3. g3 d4 4. Bg2 Nc6 5. d3 Bb4+ 6. Bd2 a5 7. O-O Nge7 8. Na3
O-O 9. Nc2 Bc5 10. b3 Nb4 11. a3 Nxc2 12. Qxc2 c6 13. e3 Nf5 14. e4 Ne7 15. b4
Bb6 16. e5 c5 17. bxc5 Bxc5 18. Ng5 Nc6 19. Ne4 Be7 20. f4 Qc7 21. Qd1 Bd7 22.
Qh5 f5 23. exf6 gxf6 24. g4 f5 25. gxf5 exf5 26. Ng5 Bxg5 27. fxg5 Be8 28. Qh6
Qg7 29. Qxg7+ Kxg7 30. Rab1 Ra7 31. Rb5 Bd7 32. Rfb1 Bc8 33. Bf4 Re8 34. Kf2 Ra6
35. h4 Na7 36. Re5 Rxe5 37. Bxe5+ Kg6 38. Bxd4 Nc6 39. Bf6 f4 40. Be4+ 1-0

[Event "TCh-POL Ekstraliga 2025"]
[Site "Chotowa POL"]
[Date "2025.06.02"]
[Round "1.4"]
[White "Szpar, Milosz"]
[Black "Nguyen, Piotr"]
[Result "1/2-1/2"]
[WhiteTitle "IM"]
[BlackTitle "IM"]
[WhiteElo "2495"]
[BlackElo "2394"]
[WhiteTeam "KSz Silesia Raciborz"]
[BlackTeam "KSz Hetman Plock"]
[WhiteFideId "1184989"]
[BlackFideId "1127993"]
[EventDate "2025.06.02"]

1. e4 c5 2. Nf3 g6 3. c3 d5 4. exd5 Qxd5 5. d4 Bg7 6. Na3 cxd4 7. Nb5 Na6 8.
Nbxd4 Nf6 9. Bb5+ Bd7 10. Bxa6 bxa6 11. O-O O-O 12. Re1 Rfe8 13. Ne5 Bc8 14.
Ndc6 Qxd1 15. Rxd1 Be6 16. Nd4 Bd5 17. Nb3 Red8 18. Be3 Ne4 19. Nd3 Bxc3 20.
bxc3 Bxb3 21. axb3 Nxc3 22. Rd2 Ne4 23. Rdd1 Nc3 24. Rd2 Ne4 25. Rdd1 Nc3 26.
Rd2 Ne4 1/2-1/2

[Event "TCh-POL Ekstraliga 2025"]
[Site "Chotowa POL"]
[Date "2025.06.02"]
[Round "1.5"]
[White "Hnydiuk, Aleksander"]
[Black "Berkes, Ferenc"]
[Result "0-1"]
[WhiteTitle "IM"]
[BlackTitle "GM"]
[WhiteElo "2330"]
[BlackElo "2613"]
[WhiteTeam "KSz Hetman Plock"]
[BlackTeam "KSz Silesia Raciborz"]
[WhiteFideId "1109057"]
[BlackFideId "718572"]
[EventDate "2025.06.02"]

1. Nf3 Nf6 2. c4 g6 3. d4 Bg7 4. g3 O-O 5. Bg2 d6 6. Nc3 Re8 7. O-O Bd7 8. e4 e5
9. h3 exd4 10. Nxd4 Nc6 11. Be3 Nxd4 12. Bxd4 c5 13. Be3 Qc8 14. Kh2 Bc6 15. Qc2
Qe6 16. Nd5 Bxd5 17. cxd5 Qe7 18. Rfe1 Rac8 19. a4 a6 20. a5 Nd7 21. Ra4 h5 22.
h4 Ne5 23. Kg1 Qd7 24. b3 Qb5 25. Rc1 Ng4 26. Bf1 c4 27. bxc4 Nxe3 28. fxe3 Qd7
29. Kh2 Rc5 30. Bd3 Be5 31. Kg2 Kg7 32. Rb1 Rb8 33. Ra3 Qc7 34. Qd2 b6 35. axb6
Rxb6 36. Rxb6 Qxb6 37. Qa2 Rc7 38. Kf3 Rb7 39. Rxa6 Qd8 40. Qf2 Rb2 41. Be2 Qc8 0-1

[Event "TCh-POL Ekstraliga 2025"]
[Site "Chotowa POL"]
[Date "2025.06.02"]
[Round "1.6"]
[White "Narva, Mai"]
[Black "Rakhmangulova, Anastasiya"]
[Result "1/2-1/2"]
[WhiteTitle "IM"]
[BlackTitle "WGM"]
[WhiteElo "2391"]
[BlackElo "2281"]
[WhiteTeam "KSz Silesia Raciborz"]
[BlackTeam "KSz Hetman Plock"]
[WhiteFideId "4500512"]
[BlackFideId "14117479"]
[EventDate "2025.06.02"]

1. d4 Nf6 2. Nf3 g6 3. Bg5 Bg7 4. e3 c5 5. c3 Qb6 6. Qb3 Qxb3 7. axb3 cxd4 8.
Nxd4 Nc6 9. Nb5 O-O 10. b4 Rb8 11. Nd2 h6 12. Bxf6 Bxf6 13. f4 e6 14. Nd6 Be7
15. Nxc8 Rfxc8 16. b5 Nd8 17. e4 a6 18. bxa6 bxa6 19. Bxa6 Rc6 20. Ra2 d5 21.
Ke2 dxe4 22. Nxe4 e5 23. fxe5 Re6 24. Re1 Rxe5 25. Kf1 Rb6 26. Bc4 Rf5+ 27. Kg1
Ne6 28. Rf1 Re5 29. Nf6+ Bxf6 30. Rxf6 Kg7 31. Rf2 f5 32. Re2 Rxe2 33. Bxe2 Nc5
34. b4 Ne4 35. Ra7+ Kf6 36. Rc7 Ke5 37. Bd3 Kf4 38. b5 Ke3 39. Bxe4 fxe4 40. c4
Kd2 41. Rd7+ Ke2 42. h4 e3 43. Ra7 Kd3 44. Ra3+ Kd2 45. Ra2+ Kd1 46. Ra1+ Kd2
47. Ra2+ Kd1 48. Ra1+ Kd2 1/2-1/2

[Event "TCh-POL Ekstraliga 2025"]
[Site "Chotowa POL"]
[Date "2025.06.02"]
[Round "1.1"]
[White "Tazbir, Marcin"]
[Black "Volokitin, Andrei"]
[Result "1/2-1/2"]
[WhiteTitle "GM"]
[BlackTitle "GM"]
[WhiteElo "2504"]
[BlackElo "2626"]
[WhiteTeam "LKS Wrzos Miedzyborow"]
[BlackTeam "WIEZA PEGOW"]
[WhiteFideId "1122452"]
[BlackFideId "14107090"]
[EventDate "2025.06.02"]

1. e4 c5 2. Nf3 d6 3. d4 cxd4 4. Nxd4 Nf6 5. Nc3 a6 6. Be2 e5 7. Nb3 Be7 8. O-O
O-O 9. Re1 Be6 10. Bf3 Nbd7 11. a4 Qb8 12. Nd2 Bd8 13. Nf1 Ba5 14. Bd2 Qc7 15.
Ne3 Bxc3 16. Bxc3 Nc5 17. Nf5 Ncxe4 18. Bxe4 Nxe4 19. Nxg7 Nxf2 20. Qd2 Qc5 21.
Bb4 Nh3+ 22. Kh1 Nf2+ 23. Kg1 Nh3+ 24. Kh1 Nf2+ 25. Kg1 1/2-1/2

[Event "TCh-POL Ekstraliga 2025"]
[Site "Chotowa POL"]
[Date "2025.06.02"]
[Round "1.2"]
[White "Lagarde, Maxime"]
[Black "Cyborowski, Lukasz"]
[Result "1/2-1/2"]
[WhiteTitle "GM"]
[BlackTitle "GM"]
[WhiteElo "2621"]
[BlackElo "2459"]
[WhiteTeam "WIEZA PEGOW"]
[BlackTeam "LKS Wrzos Miedzyborow"]
[WhiteFideId "662399"]
[BlackFideId "1108760"]
[EventDate "2025.06.02"]

1. e4 e5 2. Bc4 Nf6 3. d3 c6 4. Nf3 d6 5. a4 Be7 6. O-O O-O 7. Nc3 Nbd7 8. Ba2
Nc5 9. Be3 Ne6 10. h3 c5 11. Ne2 Nd4 12. Bxd4 cxd4 13. c3 dxc3 14. Nxc3 Bd7 15.
d4 exd4 16. Qxd4 Qb6 17. Qxb6 axb6 18. Rfe1 Bc6 19. Nd2 Nd7 20. Nc4 Ra6 21. Nd5
Bxd5 22. exd5 Bf6 23. Bb3 Nc5 24. Bc2 g6 25. Ra3 Rd8 26. b4 b5 27. axb5 Rxa3 28.
Nxa3 Bc3 29. bxc5 Bxe1 30. c6 Bb4 31. Nc4 Bc5 32. b6 Kf8 33. Ba4 Rc8 34. Kf1 Ke7
35. Ke2 Rb8 36. c7 Rc8 37. f4 Bxb6 38. Nxb6 Rxc7 39. Kd3 Rc1 40. Nc4 Rg1 41. Ne3
Ra1 42. Bd1 h5 43. g4 hxg4 44. hxg4 Ra2 45. Bc2 Ra1 46. g5 Rg1 47. Ke2 Rh1 48.
Bd3 Rh2+ 49. Kf3 Rh3+ 50. Ke4 Rh4 51. Bb5 f6 52. gxf6+ Kxf6 53. Be2 Rh1 54. Nc4
Ke7 55. Bd3 Rh4 56. Ke3 Rh3+ 57. Kd4 Rh4 58. Bxg6 Rxf4+ 59. Be4 Kd7 60. Na3 Rf1
61. Nb5 Rd1+ 62. Kc4 Rc1+ 63. Kb4 Re1 64. Bf5+ Ke7 65. Bc8 b6 66. Bb7 Re4+ 67.
Kc3 Rh4 68. Bc6 Rg4 69. Nc7 Rg1 70. Kc4 Kf6 71. Na8 Rb1 72. Bb5 Ke5 73. Nxb6
Rc1+ 74. Kb4 Rb1+ 75. Ka5 Kd4 76. Bc6 Kc5 77. Nd7+ Kd4 78. Nf8 Kc5 79. Ne6+ Kc4
80. Ka6 Rd1 81. Nc7 Kd4 82. Na8 Rb1 83. Nb6 Rb2 84. Nd7 Rb1 85. Ka7 Rb2 86. Nf8
Rb1 87. Ne6+ Kc4 88. Nc7 Kd4 89. Bb7 Ke5 90. Kb8 Rd1 91. Bc6 Rb1+ 92. Ka7 Ra1+
93. Kb6 Rd1 94. Kb5 Rb1+ 95. Kc4 Rc1+ 96. Kb3 Rd1 97. Kc2 Rd4 1/2-1/2

[Event "TCh-POL Ekstraliga 2025"]
[Site "Chotowa POL"]
[Date "2025.06.02"]
[Round "1.3"]
[White "Antoniewski, Rafal"]
[Black "Onyshchuk, Volodymyr"]
[Result "1/2-1/2"]
[WhiteTitle "GM"]
[BlackTitle "GM"]
[WhiteElo "2441"]
[BlackElo "2602"]
[WhiteTeam "LKS Wrzos Miedzyborow"]
[BlackTeam "WIEZA PEGOW"]
[WhiteFideId "1111078"]
[BlackFideId "14114038"]
[EventDate "2025.06.02"]

1. e4 d6 2. d4 Nf6 3. Bd3 e5 4. c3 Nc6 5. Nf3 g6 6. O-O Bg7 7. Re1 O-O 8. h3 a5
9. Na3 b6 10. Nc2 h6 11. Bd2 Bb7 12. b3 Re8 13. d5 Ne7 14. b4 axb4 15. cxb4 Nxe4
16. Bxe4 f5 17. Bd3 Bxd5 18. Ne3 Bf7 19. Bc3 Rxa2 20. Rxa2 Bxa2 21. Bc4+ Bxc4
22. Nxc4 Kh7 23. b5 Ng8 24. Qb3 Nf6 25. Ne3 Qd7 26. Nd5 Nxd5 27. Qxd5 e4 1/2-1/2

[Event "TCh-POL Ekstraliga 2025"]
[Site "Chotowa POL"]
[Date "2025.06.02"]
[Round "1.4"]
[White "Moranda, Wojciech"]
[Black "Nurkiewicz, Maciej"]
[Result "1/2-1/2"]
[WhiteTitle "GM"]
[WhiteElo "2541"]
[BlackElo "2327"]
[WhiteTeam "WIEZA PEGOW"]
[BlackTeam "LKS Wrzos Miedzyborow"]
[WhiteFideId "1122401"]
[BlackFideId "1107046"]
[EventDate "2025.06.02"]

1. d4 d5 2. c4 dxc4 3. Nf3 Nf6 4. e3 e6 5. Bxc4 c5 6. O-O a6 7. Qe2 b5 8. Bd3
Nbd7 9. a4 b4 10. Nbd2 Bb7 11. e4 cxd4 12. e5 Nd5 13. Nc4 Nc5 14. Bg5 Qd7 15.
Rad1 h6 16. Bc1 Qxa4 17. Nxd4 Nxd3 18. Qxd3 Qd7 19. Qg3 a5 20. Rfe1 a4 21. Nf5
exf5 22. e6 Qb5 23. Qd6 Bxd6 24. Nxd6+ Ke7 25. Nxb5 fxe6 26. Nd4 Ra6 27. Nxf5+
Kf6 28. Nd4 e5 29. Nf3 Re8 30. Nd2 Rc8 31. Ne4+ Kg6 32. f3 Rc2 33. Rd2 Rac6 34.
Rxc2 Rxc2 35. Nf2 a3 36. bxa3 b3 37. Nd3 Ba6 38. Nb4 Nxb4 39. axb4 Bd3 40. b5
Bxb5 41. Ba3 Ra2 42. Bd6 e4 43. Rb1 e3 44. h3 b2 45. Be5 Bd3 46. Rxb2 Rxb2 1/2-1/2

[Event "TCh-POL Ekstraliga 2025"]
[Site "Chotowa POL"]
[Date "2025.06.02"]
[Round "1.5"]
[White "Bartel, Michal"]
[Black "Kosakowski, Jakub"]
[Result "0-1"]
[WhiteTitle "FM"]
[BlackTitle "GM"]
[WhiteElo "2248"]
[BlackElo "2548"]
[WhiteTeam "LKS Wrzos Miedzyborow"]
[BlackTeam "WIEZA PEGOW"]
[WhiteFideId "1119257"]
[BlackFideId "1185080"]
[EventDate "2025.06.02"]

1. e4 c5 2. Nf3 d6 3. Bb5+ Nd7 4. O-O a6 5. Bd3 Ngf6 6. c3 b5 7. Bc2 Bb7 8. Re1
e6 9. d4 Be7 10. Nbd2 Qc7 11. Nf1 O-O 12. Bg5 h6 13. Bh4 Rfe8 14. Qd3 e5 15.
Rac1 d5 16. Bxf6 dxe4 17. Qd2 Nxf6 18. Nxe5 Bd6 19. Re3 Rad8 20. Qe2 Bxe5 21.
dxe5 Qxe5 22. Re1 Qe6 23. b3 g6 24. h3 Qc8 25. Ng3 Re6 26. Bxe4 Bxe4 27. Nxe4
Nd5 28. Rd3 c4 29. bxc4 bxc4 30. Rd4 Nxc3 31. Qxc4 Qxc4 32. Rxc4 Rd3 33. Kf1
Nxe4 34. Rcxe4 Rb6 35. R4e2 a5 36. Rc2 a4 37. Re4 a3 38. Ke2 Rd5 39. Re3 Ra5 40.
Kf3 Rb2 41. Ree2 Rab5 42. Ke4 Kg7 43. Kd3 g5 44. Kc3 Rb1 45. Kd2 Rd5+ 46. Ke3 h5
47. f3 Re5+ 48. Kf2 Rxe2+ 49. Kxe2 h4 50. Kd3 Kg6 51. Rc3 Rg1 52. Rc2 Kf5 53.
Ke3 Re1+ 54. Kf2 Rb1 55. Ke3 Rb2 56. Kd3 Rxc2 57. Kxc2 Kf4 58. Kb3 Kg3 59. Kxa3
Kxg2 60. Kb3 Kxh3 61. a4 Kg3 62. a5 h3 63. a6 h2 0-1

[Event "TCh-POL Ekstraliga 2025"]
[Site "Chotowa POL"]
[Date "2025.06.02"]
[Round "1.6"]
[White "Maltsevskaya, Aleksandra"]
[Black "Kulon, Klaudia"]
[Result "1/2-1/2"]
[WhiteTitle "IM"]
[BlackTitle "IM"]
[WhiteElo "2403"]
[BlackElo "2407"]
[WhiteTeam "WIEZA PEGOW"]
[BlackTeam "LKS Wrzos Miedzyborow"]
[WhiteFideId "24174041"]
[BlackFideId "1131044"]
[EventDate "2025.06.02"]

1. c4 e6 2. Nf3 d5 3. d4 c6 4. e3 Bd6 5. Bd3 f5 6. O-O Nf6 7. b3 Qe7 8. a4 a5 9.
Ba3 Bxa3 10. Nxa3 O-O 11. Nc2 b6 12. Ne5 Bb7 13. cxd5 Nxd5 14. Rc1 Nd7 15. Nxd7
Qxd7 16. Na3 Rac8 17. Nc4 Qd8 18. Be2 c5 19. Bf3 Ba6 20. Re1 Nb4 21. Be2 Qc7 22.
Ne5 Bb7 23. Bf3 Rfd8 24. Qe2 Bd5 25. Bxd5 Rxd5 26. Nf3 Rdd8 27. h3 Qd6 28. dxc5
Rxc5 29. Rxc5 Qxc5 30. Nd4 Qd5 31. Rc1 g6 32. Qc4 e5 33. Nf3 Qxc4 34. Rxc4 Rd1+
35. Kh2 e4 36. Nd4 Nd3 37. Rc7 Nxf2 38. Ne6 Rd6 39. Rg7+ Kh8 40. Re7 Kg8 41.
Rg7+ Kh8 42. Re7 h6 43. Re8+ Kh7 44. Re7+ Kh8 45. Re8+ Kh7 46. Re7+ Kh8 1/2-1/2

[Event "TCh-POL Ekstraliga 2025"]
[Site "Chotowa POL"]
[Date "2025.06.03"]
[Round "2.1"]
[White "Svane, Frederik"]
[Black "Harikrishna, Pentala"]
[Result "0-1"]
[WhiteTitle "GM"]
[BlackTitle "GM"]
[WhiteElo "2667"]
[BlackElo "2707"]
[WhiteTeam "Akademia Szachowa Gliwice"]
[BlackTeam "KSz Polonia Wroclaw"]
[WhiteFideId "12923044"]
[BlackFideId "5007003"]
[EventDate "2025.06.02"]

1. d4 Nf6 2. c4 e6 3. Nc3 Bb4 4. e3 c5 5. a3 Bxc3+ 6. bxc3 b6 7. Bd3 Bb7 8. f3
Nc6 9. Ne2 d6 10. e4 Nd7 11. O-O Qe7 12. Be3 Na5 13. Ng3 h5 14. Re1 O-O-O 15.
Nf1 g5 16. Bf2 h4 17. h3 Nf8 18. Nd2 e5 19. a4 Qc7 20. Rb1 Ne6 21. Nb3 Kd7 22.
Nxa5 bxa5 23. Qb3 Ba6 24. dxe5 dxe5 25. Qa3 Ke7 26. Be2 Kf6 27. Be3 Rd6 28. Red1
Rb8 29. Rxb8 Rxd1+ 30. Bxd1 Qxb8 31. Bxc5 Nxc5 32. Qxc5 Qb6 33. Qxb6+ axb6 34.
Be2 Bc8 35. c5 bxc5 36. Bb5 Ke7 37. Kf2 f5 38. Ke3 g4 39. hxg4 fxg4 40. fxg4 Kf6
41. Kf2 Kg5 42. g3 h3 43. Kg1 Kxg4 44. Kf2 Be6 45. Be2+ Kg5 46. Bb5 Bb3 47. Bd7
Bc2 48. Bxh3 Bxa4 49. Ke3 Bd1 50. Be6 a4 51. Kd3 Bb3 52. c4 Bd1 53. Bd7 a3 54.
Kc3 Bg4 55. Bc6 Be6 56. Kb3 Bxc4+ 57. Kxa3 Kg4 58. Bd5 Bb5 59. Kb2 Kxg3 60. Kc3
Kf3 61. Kd2 Bf1 62. Bc6 c4 63. Bd5 Bd3 0-1

[Event "TCh-POL Ekstraliga 2025"]
[Site "Chotowa POL"]
[Date "2025.06.03"]
[Round "2.2"]
[White "Malek, Jan"]
[Black "Svane, Rasmus"]
[Result "0-1"]
[WhiteTitle "GM"]
[BlackTitle "GM"]
[WhiteElo "2505"]
[BlackElo "2626"]
[WhiteTeam "KSz Polonia Wroclaw"]
[BlackTeam "Akademia Szachowa Gliwice"]
[WhiteFideId "21864080"]
[BlackFideId "4657101"]
[EventDate "2025.06.02"]

1. e4 e5 2. Nf3 Nc6 3. Bc4 Nf6 4. d3 Bc5 5. c3 O-O 6. O-O d5 7. exd5 Nxd5 8. Re1
Bg4 9. Nbd2 Nb6 10. h3 Bh5 11. b4 Be7 12. Qe2 a6 13. Bb3 Kh8 14. Ne4 f5 15. Ng3
Bxf3 16. Qxf3 Qd7 17. a4 Bd6 18. Bg5 h6 19. a5 Nc8 20. d4 e4 21. Qh5 N8a7 22.
Bd2 Qe8 23. f4 Qxh5 24. Nxh5 g6 25. Ng3 Rae8 26. d5 Nb8 27. c4 Be7 28. Be3 Nc8
29. Bd4+ Bf6 30. Ne2 c6 31. Rac1 cxd5 32. cxd5 Bxd4+ 33. Nxd4 Nd6 34. Ne6 Rg8
35. g4 Rc8 36. Kf2 Nd7 37. Ke3 Nf6 38. g5 hxg5 39. fxg5 Nd7 40. Kf4 Nf7 41. Bc4
Rge8 42. Red1 Kg8 43. d6 Rxc4 44. Rxc4 Rxe6 45. Rc8+ Kg7 46. Rc7 Nde5 47. d7 Nd8
48. Rc8 Nec6 49. Rc1 Rd6 50. b5 axb5 51. a6 bxa6 52. R1xc6 Nxc6 53. Rxc6 Rxd7
54. Rxa6 Rb7 55. Ra3 b4 56. Rb3 Kf7 57. Ke5 Re7+ 58. Kd4 0-1

[Event "TCh-POL Ekstraliga 2025"]
[Site "Chotowa POL"]
[Date "2025.06.03"]
[Round "2.4"]
[White "Gumularz, Szymon"]
[Black "Warakomski, Tomasz"]
[Result "0-1"]
[WhiteTitle "GM"]
[BlackTitle "GM"]
[WhiteElo "2605"]
[BlackElo "2545"]
[WhiteTeam "KSz Polonia Wroclaw"]
[BlackTeam "Akademia Szachowa Gliwice"]
[WhiteFideId "1188062"]
[BlackFideId "1124552"]
[EventDate "2025.06.02"]

1. e4 c5 2. Nf3 Nc6 3. d4 cxd4 4. Nxd4 Nf6 5. Nc3 e5 6. Ndb5 d6 7. Bg5 a6 8. Na3
b5 9. Nab1 Be7 10. a4 b4 11. Bxf6 bxc3 12. Bxe7 cxb2 13. Ra2 Kxe7 14. Rxb2 Bd7
15. Nc3 Qa5 16. Qd2 Rhb8 17. Rxb8 Rxb8 18. Bc4 Ke8 19. O-O Nd4 20. Qd3 Rc8 21.
Nd5 Bxa4 22. Ne3 Bb5 23. c3 Qa4 24. cxd4 Bxc4 25. Nxc4 Qxc4 26. Qg3 exd4 27.
Qxg7 Rc5 28. Qxh7 d3 29. Qh8+ Kd7 30. Qh3+ Kc7 31. Qe3 Qc2 32. h4 d2 33. Qd4 Qc3
34. Qa4 Qc4 35. Qd1 Qd3 36. Qa4 Rc1 37. Qa5+ Kb7 38. Qb4+ Ka7 0-1

[Event "TCh-POL Ekstraliga 2025"]
[Site "Chotowa POL"]
[Date "2025.06.03"]
[Round "2.5"]
[White "Kantans, Toms"]
[Black "Sowinski, Pawel"]
[Result "0-1"]
[WhiteTitle "GM"]
[BlackTitle "IM"]
[WhiteElo "2528"]
[BlackElo "2451"]
[WhiteTeam "Akademia Szachowa Gliwice"]
[BlackTeam "KSz Polonia Wroclaw"]
[WhiteFideId "11602945"]
[BlackFideId "21881979"]
[EventDate "2025.06.02"]

1. e4 e5 2. Nf3 Nc6 3. Bb5 a6 4. Ba4 Nf6 5. O-O Be7 6. Re1 b5 7. Bb3 O-O 8. d4
Nxd4 9. Nxd4 exd4 10. e5 Ne8 11. Qxd4 c5 12. Qe4 Rb8 13. c4 Bb7 14. Qg4 d6 15.
Bf4 dxe5 16. Bxe5 Bd6 17. Nc3 Nf6 18. Qg3 Bxe5 19. Rxe5 Qb6 20. cxb5 axb5 21.
Rg5 Kh8 22. Bxf7 b4 23. Nd5 Bxd5 24. Bxd5 c4 25. Rf1 Rbc8 26. Bf3 Rf7 27. Re5 c3
28. Re2 Rfc7 29. bxc3 bxc3 30. Rc2 Qc5 31. h3 Qf5 32. Rfc1 h6 33. Qd6 Rc5 34. a4
Rc4 35. Qa6 R4c5 36. Qb7 Rc4 37. Qa6 R4c5 38. Qb6 Qe5 39. Be2 Nd5 40. Qb3 Nf4
41. Bg4 Rb8 42. Qa3 h5 43. Bf3 Rbc8 44. h4 Ne6 45. Re2 Qf6 46. Bb7 R8c7 47. a5
Nd4 48. Re8+ Kh7 49. a6 Rf7 50. Rf1 Re7 51. Be4+ g6 52. Rxe7+ Qxe7 53. f3 c2 54.
a7 Qxh4 55. Qa6 Nxf3+ 56. Bxf3 c1=Q 57. Qd3 Qcf4 58. Rd1 Qfh2+ 59. Kf1 Qh1+ 60.
Ke2 Re5+ 61. Kd2 Qb4+ 62. Qc3 Qxd1+ 63. Bxd1 Rd5+ 64. Kc2 Rc5 0-1

[Event "TCh-POL Ekstraliga 2025"]
[Site "Chotowa POL"]
[Date "2025.06.03"]
[Round "2.6"]
[White "Smietanska, Wiktoria"]
[Black "Antolak, Julia"]
[Result "0-1"]
[WhiteTitle "CM"]
[BlackTitle "WGM"]
[WhiteElo "2238"]
[BlackElo "2279"]
[WhiteTeam "KSz Polonia Wroclaw"]
[BlackTeam "Akademia Szachowa Gliwice"]
[WhiteFideId "21869359"]
[BlackFideId "1159569"]
[EventDate "2025.06.02"]

1. e4 c5 2. Nf3 d6 3. d4 cxd4 4. Nxd4 Nf6 5. Nc3 a6 6. Bg5 e6 7. Qf3 Nbd7 8.
O-O-O Qc7 9. Bd3 b5 10. Rhe1 Be7 11. Qg3 b4 12. Nd5 exd5 13. exd5 Ne5 14. Bxf6
Bxf6 15. f4 O-O 16. fxe5 Bxe5 17. Qh4 f5 18. Nc6 Bf6 19. Qc4 Qf7 20. Qf4 Qc7 21.
Qc4 Kh8 22. Kb1 Bd7 23. Nd4 Qd8 24. Ne6 Bxe6 25. dxe6 Be5 26. Be2 Qf6 27. Bf3
Rae8 28. Qb3 Rxe6 29. Bb7 a5 30. Bc6 Re7 31. Rd5 Rc7 32. Bb5 Qh4 33. Rf1 Qxh2
34. Qf3 Qh4 35. Bd3 a4 36. g4 h6 37. Rb5 a3 38. Rxb4 Bxb2 39. Qd5 Re7 40. Qh1
Qxh1 41. Rxh1 Bc3 42. Rb3 Rfe8 43. Rc1 Bd2 44. Rxa3 Rb8+ 45. Rb3 Rxb3+ 46. cxb3
Bxc1 47. Kxc1 fxg4 0-1

[Event "TCh-POL Ekstraliga 2025"]
[Site "Chotowa POL"]
[Date "2025.06.03"]
[Round "2.1"]
[White "Samunenkov, Ihor"]
[Black "Tazbir, Marcin"]
[Result "1/2-1/2"]
[WhiteTitle "GM"]
[BlackTitle "GM"]
[WhiteElo "2562"]
[BlackElo "2504"]
[WhiteTeam "KSz Stilon Gorzow Wlkp."]
[BlackTeam "LKS Wrzos Miedzyborow"]
[WhiteFideId "14187086"]
[BlackFideId "1122452"]
[EventDate "2025.06.02"]

1. e4 e5 2. Nf3 Nc6 3. Bb5 Nf6 4. O-O Nxe4 5. Re1 Nd6 6. a4 Be7 7. Nc3 O-O 8. d4
Nxb5 9. axb5 Nb4 10. Nxe5 c6 11. d5 d6 12. Nd3 c5 13. Nf4 Bd7 14. Nh5 g6 15. Ng3
Re8 16. Bf4 f5 17. Qd2 Bf8 18. Nf1 Rxe1 19. Rxe1 Qf6 20. Rd1 Re8 21. g3 h6 22.
h4 Kh7 23. Nh2 Qd4 24. Nf3 Qxd2 25. Nxd2 Rd8 26. Nc4 Be8 27. Ra1 a6 28. Na5 Bxb5
29. Nxb5 axb5 30. Nxb7 Rd7 31. Ra8 Be7 32. Na5 g5 33. hxg5 hxg5 34. Bd2 Nxd5 35.
Rb8 b4 36. c4 bxc3 37. bxc3 Kg6 38. c4 Nf6 39. Nc6 Ne4 40. Be3 Bf6 41. Kg2 g4
42. f3 gxf3+ 43. Kxf3 Bg5 44. g4 Bxe3 45. Kxe3 Nf6 46. gxf5+ Kxf5 47. Rd8 Ng4+
48. Kd2 Rxd8 49. Nxd8 Ne5 50. Nb7 Nf7 51. Ke3 Ke5 52. Na5 Nd8 53. Nb3 d5 54.
cxd5 Kxd5 55. Nxc5 Ke5 1/2-1/2

[Event "TCh-POL Ekstraliga 2025"]
[Site "Chotowa POL"]
[Date "2025.06.03"]
[Round "2.2"]
[White "Cyborowski, Lukasz"]
[Black "Janik, Igor"]
[Result "1/2-1/2"]
[WhiteTitle "GM"]
[BlackTitle "GM"]
[WhiteElo "2459"]
[BlackElo "2520"]
[WhiteTeam "LKS Wrzos Miedzyborow"]
[BlackTeam "KSz Stilon Gorzow Wlkp."]
[WhiteFideId "1108760"]
[BlackFideId "1159259"]
[EventDate "2025.06.02"]

1. Nf3 Nf6 2. c4 g6 3. g3 Bg7 4. Bg2 c6 5. b3 d5 6. Bb2 O-O 7. O-O Bg4 8. d3
Bxf3 9. Bxf3 e6 10. Nd2 a5 11. a3 Nbd7 12. Qc2 Qe7 13. Bg2 Rfd8 14. e3 Ne8 15.
Bxg7 Kxg7 16. d4 Nd6 17. Rfe1 Nf6 18. Nf3 Nd7 1/2-1/2

[Event "TCh-POL Ekstraliga 2025"]
[Site "Chotowa POL"]
[Date "2025.06.03"]
[Round "2.3"]
[White "Krasenkow, Michal"]
[Black "Antoniewski, Rafal"]
[Result "1/2-1/2"]
[WhiteTitle "GM"]
[BlackTitle "GM"]
[WhiteElo "2520"]
[BlackElo "2441"]
[WhiteTeam "KSz Stilon Gorzow Wlkp."]
[BlackTeam "LKS Wrzos Miedzyborow"]
[WhiteFideId "1113100"]
[BlackFideId "1111078"]
[EventDate "2025.06.02"]

1. Nf3 Nf6 2. c4 c6 3. b3 d5 4. Bb2 Bf5 5. g3 h6 6. Bg2 e6 7. O-O Be7 8. d3 O-O
9. Nbd2 Bh7 10. Qc2 Nbd7 11. a3 a5 12. Bc3 Bd6 13. Qb2 Qe7 14. Ne5 Nxe5 15. Bxe5
Bxe5 16. Qxe5 Nd7 17. Qb2 Qf6 18. Qxf6 Nxf6 19. b4 e5 20. b5 e4 21. cxd5 cxd5
22. dxe4 dxe4 23. Rac1 Rfd8 24. Nc4 Bf5 25. Rfd1 Rxd1+ 26. Rxd1 Be6 27. Nb6 Re8
28. Rd4 Bb3 29. Nd7 Nxd7 30. Rxd7 b6 31. Rd6 Re6 32. Rxe6 Bxe6 33. Bxe4 Kf8 34.
Kf1 Ke7 35. Ke1 Kd6 36. Kd2 Kc5 37. a4 Bb3 38. Bc2 Bxc2 39. Kxc2 Kb4 40. Kd3
Kxa4 41. Kc4 Ka3 42. Kc3 Ka4 43. Kd4 1/2-1/2

[Event "TCh-POL Ekstraliga 2025"]
[Site "Chotowa POL"]
[Date "2025.06.03"]
[Round "2.4"]
[White "Nurkiewicz, Maciej"]
[Black "Dzida, Kamil"]
[Result "0-1"]
[BlackTitle "IM"]
[WhiteElo "2327"]
[BlackElo "2411"]
[WhiteTeam "LKS Wrzos Miedzyborow"]
[BlackTeam "KSz Stilon Gorzow Wlkp."]
[WhiteFideId "1107046"]
[BlackFideId "21828652"]
[EventDate "2025.06.02"]

1. e4 e5 2. Nc3 Nf6 3. f4 d5 4. fxe5 Nxe4 5. Qf3 Nxc3 6. bxc3 Be7 7. d4 c5 8.
Ne2 Nc6 9. Bd2 O-O 10. g3 f6 11. Bg2 fxe5 12. Qxd5+ Qxd5 13. Bxd5+ Kh8 14. dxe5
Nxe5 15. Bf4 Ng6 16. Bc7 Bg4 17. Nf4 Rac8 18. Nxg6+ hxg6 19. Bf4 g5 20. Be3 Rce8
21. Kd2 Rd8 22. c4 b5 23. Kc1 bxc4 24. Bxc4 Rf3 25. Bd2 Rd4 26. Re1 Bf6 27. Be2
Rf2 28. Be3 Rxe2 29. Rxe2 Re4 0-1

[Event "TCh-POL Ekstraliga 2025"]
[Site "Chotowa POL"]
[Date "2025.06.03"]
[Round "2.5"]
[White "Koziorowicz, Michal"]
[Black "Bartel, Michal"]
[Result "1-0"]
[WhiteTitle "FM"]
[BlackTitle "FM"]
[WhiteElo "2294"]
[BlackElo "2248"]
[WhiteTeam "KSz Stilon Gorzow Wlkp."]
[BlackTeam "LKS Wrzos Miedzyborow"]
[WhiteFideId "21809194"]
[BlackFideId "1119257"]
[EventDate "2025.06.02"]

1. e4 e5 2. Nf3 Nf6 3. d4 Nxe4 4. dxe5 d5 5. Nbd2 Qd7 6. Nd4 Bc5 7. e6 fxe6 8.
Nxe4 Bxd4 9. Qxd4 Nc6 10. Nf6+ gxf6 11. Qxf6 Rf8 12. Qh6 Qf7 13. Be3 e5 14.
O-O-O Bf5 15. Bb5 Qe6 16. Qh4 Rg8 17. h3 Rd8 18. Bg5 Rd6 19. f4 h6 20. Qh5+ Kd7
21. Rhe1 Be4 22. g4 hxg5 23. fxe5 a6 24. exd6 axb5 25. Rxe4 dxe4 26. Qh7+ Ke8
27. dxc7 Rf8 28. Qxe4 Ke7 29. Qh7+ Ke8 30. Qg6+ Qxg6 31. c8=Q+ 1-0